Les pilotes Ferrari en Formule 1 - Statistiques

Statistiques générales
  • Ce quiz a été pris 1 760 fois
    396 depuis la dernière actualisation
  • Le résultat moyen est 22 sur 79
Statistiques - réponses
Nb de Grands Prix Saisons Nationalité Pilote % Correct
142 2019- Monaco Charles Leclerc
100%
180 1996-2006 Allemagne Michael Schumacher
95%
151 2007-2009, 2014-2018 Finlande Kimi Räikkönen
92%
118 2015-2020 Allemagne Sebastian Vettel
92%
88 2021-2024 Espagne Carlos Sainz
90%
96 2010-2014 Espagne Fernando Alonso
88%
30 1990-1991 France Alain Prost
82%
139 2006-2013 Brésil Felipe Massa
81%
16 2025 Royaume-Uni Lewis Hamilton
80%
57 1974-1977 Autriche Niki Lauda
78%
7 1956 Argentine Juan Manuel Fangio
71%
102 2000-2005 Brésil Rubens Barrichello
65%
66 1977-1982 Canada Gilles Villeneuve
61%
27 1950-1954 Italie Alberto Ascari
56%
79 1991-1995 France Jean Alesi
56%
1 2024 Grande-Bretagne Oliver Bearman
56%
20 1952-1955 Italie Giuseppe Farina
49%
30 1958-1962 Etats-Unis Phil Hill
45%
55 1968, 1970-1973 Belgique Jacky Ickx
39%
96 1987-1989, 1993-1995 Autriche Gerhard Berger
38%
28 1979-1980 Afrique du Sud Jody Scheckter
38%
31 1989-1990 Royaume-Uni Nigel Mansell
38%
65 1996-1999 Royaume-Uni Eddie Irvine
36%
12 1971-1972, 1982 Etats-Unis Mario Andretti
35%
73 1970-1972, 1974-1976 Suisse Clay Regazzoni
31%
5 2009 Italie Giancarlo Fisichella
30%
32 1983-1985 France René Arnoux
30%
35 1953-1955, 1957-1958 Royaume-Uni Mike Hawthorn
29%
34 1976-1978 Argentine Carlos Reutemann
26%
25 1981-1982 France Didier Pironi
26%
28 1963-1966 Royaume-Uni John Surtees
26%
21 1982-1983 France Patrick Tambay
25%
80 1984-1988 Italie Michele Alboreto
24%
17 1954-1955, 1957 France Maurice Trintignant
21%
25 1957-1961 Allemagne Wolfgang von Trips
18%
2 2009 Italie Luca Badoer
16%
6 1999 Finlande Mika Salo
16%
2 1969 Mexique Pedro Rodriguez
16%
5 1961-1962 Mexique Ricardo Rodriguez
16%
15 1951, 1954-1955, 1957, 1960 Argentine José-Froilan Gonzalez
15%
31 1985-1986 Suède Stefan Johansson
13%
20 1956-1958 Royaume-Uni Peter Collins
12%
7 1959 Royaume-Uni Tony Brooks
12%
4 1959 Etats-Unis Dan Gurney
11%
33 1962-1967 Italie Lorenzo Bandini
11%
4 1992 ; 1994 Italie Nicola Larini
11%
15 1956-1958 Italie Luigi Musso
10%
27 1967-1969 Nouvelle-Zélande Chris Amon
9%
14 1992 Italie Ivan Capelli
9%
3 1959 France Jean Behra
9%
6 1963-1964, 1966-1967 Italie Ludovico Scarfiotti
9%
13 1951-1952, 1954-1955 Italie Piero Taruffi
9%
10 1960-1961 Etats-Unis Richie Ginther
8%
11 1955-1957 Italie Eugenio Castellotti
7%
4 1962 Italie Giancarlo Baghetti
7%
5 1956-1957 Espagne Alfonso de Portago
6%
1 1991 Italie Gianni Morbidelli
6%
8 1956, 1958-1959, 1961 Belgique Olivier Gendebien
6%
3 1955-1956 Belgique Paul Frère
6%
11 1972-1973 Italie Arturo Merzario
5%
15 1952-1954 France Louis Rosier
5%
20 1950-1953 Italie Luigi Villoresi
5%
2 1952 France André Simon
4%
10 1960-1963 Belgique Willy Mairesse
4%
2 1968 Royaume-Uni Derek Bell
3%
1 1955 Etats-Unis Harry Schell
3%
6 1966-1967 Royaume-Uni Mike Parkes
3%
2 1950 France Raymond Sommer
3%
1 1968 Italie Andrea de Adamich
2%
1 1956 Belgique André Pilette
2%
1 1957 Italie Cesare Perdisa
2%
6 1959-1960 Royaume-Uni Cliff Allison
2%
1 1950 Italie Dorino Serafini
2%
4 1970 Italie Ignazio Giunti
2%
1 1953 Italie Piero Carini
2%
6 1953-1955 Italie Umberto Maglioli
2%
1 1967 Royaume-Uni Jonathan Williams
1%
1 1972 Italie Nanni Galli
1%
1 1965 Italie Nino Vaccarella
1%
Aucun quiz correspondant
Distribution des résultats
% des personnes avec chaque résultat
Percentile par nombre de réponses
Votre historique - résultats
Vous n’avez pas pris ce quiz depuis la dernière actualisation